000 01874nam a22002415i 4500
001 166007
003 ES-MaACL
005 20230906213239.0
008 000113m18791902fr |||| | fre d
040 _aCCPB | B
_bspa
_cCCPB | B
130 0 _aTalmud de Jerusalén.
_9135418
245 1 3 _aLe Talmud de Jérusalem /
_ctraduit pour la première fois par Moïse Schwab.
260 _aParis :
_bJ. Maisonneuve, libraire-éditeur,
_c1879-1902 (
_eMayenne :
_fimprimerie de l'Ouest, A. Nézan)
300 _a11 v. (CLXXII, 176 ; VI, 441 ; IV, 396 ; VIII, 312 ; IV, 332 ; IV, 356 ; IV, 352 ; IV, 300 ; IV, 300 ; IV, 300 ; IV, 312 p.) ;
_c27 cm.
505 8 _aContiene: t. I. Introduction et tables générales ; Traité des Berakhoth, 1890 -- t. II. Traités Péa, Demaï, Kilaim, Schebiith, 1902 -- t. III. Traités Troumoth, Maasseroth, Maaser schéni, Halla, Orla, Biccurim, 1879 -- t. IV. Traités Scabbath et 'Eroubin, 1881 -- t. V. Traités Pesahim, Yôma et Scheqalim, 1882 -- t. VI. Traités Soucca, Rosch ha-schama, Taanith, Meghilla, Haghiga, Moëd qaton, 1883 -- t. VII. Traités Yebamoth et Sota, 1885 -- t. VIII. Traités Kethouboth, Nedarim, Guittin, 1886 -- t. IX. Traités Guitin (fin), Nazir, Qiddouschin, 1887 -- t. X. Traités Baba Qamma, Baba Mecia', Baba Bathra, Sanhédrin (I-VI), 1888 -- t. XI. Traités Sanhédrin (fin), Makkoth, Schebouoth, Aboda Zara, Horaïoth, Niddah, 1889
596 1 _aImpresos el t. II por: Anastatischer Druck v. A. Dannenberg (Berlín) y los t. III-VIII por: Imprimerie A. Derenne (Mayenne)
596 1 _aEditados los t. VII-XI por: Maisonneuve et Ch. Leclerc, libraires-éditeurs.
630 0 4 _aTalmud de Jerusalén.
_9135418
700 1 1 _aSchwab, Moïse,
_etrad.
_9132577
752 _aFrancia -
_dParís
752 _aFrancia -
_dMayenne
852 _aES-MaACL
_jB-4610-4618
_z-- Enc. hol.
_q-- Falto de los v. IV y V
999 _c166007
_d166007